[Event "Sharjah Blitz op 27th"]
[Site "Sharjah"]
[Date "2022.04.08"]
[Round "3"]
[White "Hilwani, Talal"]
[Black "Hamad, Bader"]
[Result "1-0"]
[WhiteElo "2267"]
[BlackElo "1798"]
[PlyCount "46"]
[EventDate "2022.04.08"]
[EventType "swiss (blitz)"]
[EventRounds "9"]
[EventCountry "UAE"]
[SourceTitle "CBM 207 Extra"]
[Source "ChessBase"]
[SourceDate "2022.05.31"]
[SourceVersion "1"]
[SourceVersionDate "2022.05.31"]
[SourceQuality "1"]

1. Nf3 Nf6 2. c4 e6 3. g3 d5 4. Bg2 dxc4 5. 0-0 Nbd7 6. a4 a6 7. Qc2 Be7 8. Na3 0-0 9. Nxc4 Rb8 10. d3 c5 11. Bf4 Ra8 12. a5 Nd5 13. Bd2 Bf6 14. Rfd1 Qc7 15. e4 Nb4 16. Bxb4 cxb4 17. Rac1 b5 18. axb6 Nxb6 19. Qb3 Nxc4 20. Rxc4 Qa7 21. Rxb4 a5 22. Rb5 a4 23. Qa2 Bd7 1-0

[Event "Wch FIDE Online U16 Asia qual"]
[Site "Tornelo INT"]
[Date "2020.12.11"]
[Round "1"]
[White "Concio, Michael Jr"]
[Black "Hamad, Bader"]
[Result "1-0"]
[WhiteElo "2297"]
[BlackElo "1685"]
[PlyCount "45"]
[EventDate "2020.12.11"]
[EventType "swiss (rapid)"]
[EventRounds "7"]
[EventCountry "ISS"]
[SourceTitle "EXT 2022"]
[Source "ChessBase"]
[SourceDate "2021.10.06"]
[SourceVersion "1"]
[SourceVersionDate "2021.10.06"]
[SourceQuality "1"]

1. c4 Nf6 2. Nc3 e6 3. g3 Bb4 4. Bg2 0-0 5. e4 d6 6. Nge2 e5 7. 0-0 Nc6 8. d3 a6 9. h3 Bxc3 10. Nxc3 Nd4 11. Be3 c5 12. f4 Rb8 13. fxe5 dxe5 14. Bg5 Re8 15. Nd5 Re6 16. Bxf6 gxf6 17. Qg4+ Kh8 18. Qh4 Qf8 19. Rxf6 Rxf6 20. Nxf6 Qg7 21. Nh5 Qg6 22. Qd8+ Qg8 23. Qf6+ 1-0

[Event "Wch FIDE Online U16 Asia qual"]
[Site "Tornelo INT"]
[Date "2020.12.11"]
[Round "2"]
[White "Hamad, Bader"]
[Black "Wu, Hao"]
[Result "0-1"]
[WhiteElo "1685"]
[BlackElo "1995"]
[PlyCount "68"]
[EventDate "2020.12.11"]
[EventType "swiss (rapid)"]
[EventRounds "7"]
[EventCountry "ISS"]
[SourceTitle "EXT 2022"]
[Source "ChessBase"]
[SourceDate "2021.10.06"]
[SourceVersion "1"]
[SourceVersionDate "2021.10.06"]
[SourceQuality "1"]

1. e4 c5 2. Nc3 Nc6 3. f4 g6 4. Nf3 Bg7 5. Bb5 Nd4 6. 0-0 Nxb5 7. Nxb5 a6 8. Nc3 b5 9. d3 Bb7 10. Be3 Qc7 11. Qd2 Nf6 12. h3 0-0 13. f5 d5 14. Bf4 Qc8 15. e5 Nh5 16. g4 Nxf4 17. Qxf4 Qc7 18. Rae1 b4 19. Nd1 f6 20. Qg3 d4 21. fxg6 hxg6 22. Nh4 Kh7 23. Nf2 fxe5 24. Ne4 Bxe4 25. Rxe4 Rxf1+ 26. Kxf1 Rf8+ 27. Kg2 Qa5 28. Nf3 Kg8 29. Qh4 Rf6 30. Nxe5 b3 31. Nc4 bxc2 32. Nxa5 c1Q 33. Nc4 Qf1+ 34. Kg3 Qf2# 0-1